|
|
|
|
| LEADER |
00000nab a2200000 a 4500 |
| 001 |
vtls001030542 |
| 003 |
SK-MaSNL |
| 005 |
20260303190030.0 |
| 008 |
040720e20020425xo 0 slo |
| 035 |
|
|
|a SL9096
|
| 040 |
|
|
|a SLLK
|b slo
|c SLLK
|e AACR2
|
| 041 |
0 |
|
|a slo
|
| 044 |
|
|
|a xo
|c SK
|
| 080 |
|
|
|a 069.013
|2 1981
|
| 245 |
0 |
0 |
|a Novoty na hradnom kopci
|c [autor] (hm)
|
| 610 |
2 |
7 |
|a Ľubovnianske múzeum (Stará Ľubovňa, Slovensko)
|2 SLLK
|9 33159
|
| 650 |
0 |
7 |
|a návštevnosť
|2 SLLK
|9 508914
|
| 651 |
|
7 |
|a Stará Ľubovňa (Slovensko)
|2 SLLK
|9 19193
|
| 773 |
0 |
8 |
|t Ľubovnianske noviny
|g Roč. 28, č.17, 25.4.2002, s. 1
|
| 852 |
|
|
|a ZVYKNI
|b KIS3GCP
|
| 999 |
|
|
|c 2134253
|d 2136183
|